<?xml version="1.0" encoding="UTF-8"?><?xml-stylesheet type="text/xsl" href="static/style.xsl"?><OAI-PMH xmlns="http://www.openarchives.org/OAI/2.0/" xmlns:xsi="http://www.w3.org/2001/XMLSchema-instance" xsi:schemaLocation="http://www.openarchives.org/OAI/2.0/ http://www.openarchives.org/OAI/2.0/OAI-PMH.xsd"><responseDate>2026-04-27T19:47:14Z</responseDate><request verb="GetRecord" identifier="oai:uvadoc.uva.es:10324/4030" metadataPrefix="marc">https://uvadoc.uva.es/oai/request</request><GetRecord><record><header><identifier>oai:uvadoc.uva.es:10324/4030</identifier><datestamp>2021-06-29T09:40:11Z</datestamp><setSpec>com_10324_38</setSpec><setSpec>col_10324_852</setSpec></header><metadata><record xmlns="http://www.loc.gov/MARC21/slim" xmlns:doc="http://www.lyncode.com/xoai" xmlns:xsi="http://www.w3.org/2001/XMLSchema-instance" xmlns:dcterms="http://purl.org/dc/terms/" xsi:schemaLocation="http://www.loc.gov/MARC21/slim http://www.loc.gov/standards/marcxml/schema/MARC21slim.xsd">
<leader>00925njm 22002777a 4500</leader>
<datafield tag="042" ind1=" " ind2=" ">
<subfield code="a">dc</subfield>
</datafield>
<datafield tag="720" ind1=" " ind2=" ">
<subfield code="a">Casado Martín, Miriam</subfield>
<subfield code="e">author</subfield>
</datafield>
<datafield tag="260" ind1=" " ind2=" ">
<subfield code="c">2013</subfield>
</datafield>
<datafield tag="520" ind1=" " ind2=" ">
<subfield code="a">Este trabajo tiene por objeto mostrar la importancia de potenciar el uso de la comunicación en el aula de inglés a través de la interacción oral, y de fomentar al mismo tiempo las destrezas orales, haciendo para ello mayor hincapié en la expresión, así como en el desarrollo de las estrategias comunicativas, con el fin de evitar algunos de los problemas que surgen en la interacción dialógica y en lograr que la comunicación entre el profesor y el alumno sea cada vez más efectiva.&#xd;
Para ello, el presente estudio se adentra en la investigación de las estrategias de comunicación que utilizan el profesor y el alumnado en los procesos interactivos que se desarrollan dentro del aula. Tras los resultados extraídos y como propuesta educativa elaboramos una serie de actividades comunicativas, con la finalidad de mejorar la comunicación y la interacción dentro del aula.</subfield>
</datafield>
<datafield tag="024" ind2=" " ind1="8">
<subfield code="a">http://uvadoc.uva.es/handle/10324/4030</subfield>
</datafield>
<datafield ind1=" " ind2=" " tag="653">
<subfield code="a">Lengua inglesa - Estudio y enseñánza</subfield>
</datafield>
<datafield ind1=" " ind2=" " tag="653">
<subfield code="a">Comunicación - Aspecto educativo</subfield>
</datafield>
<datafield tag="245" ind1="0" ind2="0">
<subfield code="a">Desarrollo de estrategias de comunicación oral en el aula de inglés</subfield>
</datafield>
</record></metadata></record></GetRecord></OAI-PMH>